| 000 | 00419nam a22001457a 4500 | ||
|---|---|---|---|
| 003 | SGT | ||
| 082 |
_a617 _bC23M |
||
| 100 | _aMODI, NARESH | ||
| 245 | _aCoparative study of Dissection of calot's triangle & gallbladder using monopolar hook versus harmonic scalpel in laparoscopic cholecystectomy | ||
| 260 |
_aGURUGRAM _bSGT UNIVERSITY _c2023 |
||
| 300 | _a231 | ||
| 650 | _aSURGERY | ||
| 653 | _aM.S | ||
| 942 |
_2ddc _cTH |
||
| 999 |
_c26518 _d26518 |
||